000 00693nam a2200265Ia 4500
003 OSt
005 20221007103619.0
006 a|||||r|||| 00| 0
007 ta
008 221006b |||||||| |||| 00| 0 eng d
020 _a8176256781
024 _a13,600
037 _cTextual
040 _aLCO
_cLCO
_beng
041 _2eng
_aeng
082 _aX:9B:(Z), P6
100 _aShukla C.K. Ed.
_9705349
245 0 _aChild Labour and the Law
260 _aNew
_bDelhi Sarup & Sons India
_c2006
300 _a256
650 _aCHILD LABOUR
700 _a Ali S. Ed.
_9418733
942 _hX:9B:(Z), P6
_cTEXL
999 _c1183163
_d1183163